1. X. 1905 piano a 2 ms /

Hlavní autor: Janáček, Leoš, 1854-1928
Jazyk: Nelze použít, není lingvistický obsah
Vydáno: Praha : Hudební matice Umělecké besedy, 1949
Vydání: 2. vyd.
Fyzický popis: 1 partitura (14 s.)
Hudebniny Hudebniny
Uloženo v:
LEADER 00858ncm a22002412a 4500
001 000470924
003 CZ BrMZK
005 20150527102447.0
007 qu
008 000105s1949 xr f zxx d
040 |a BOA001  |b cze 
072 7 |a 786  |x Hudba pro klávesové nástroje  |2 Konspekt  |9 9 
100 1 |a Janáček, Leoš,  |d 1854-1928  |7 jk01050745  |4 cmp 
245 1 0 |a 1. X. 1905  |h [hudebnina] :  |b piano a 2 ms /  |c Leoš Janáček 
250 |a 2. vyd. 
260 |a Praha :  |b Hudební matice Umělecké besedy,  |c 1949 
300 |a 1 partitura (14 s.) 
505 0 0 |t Předtucha  |t Smrt 
910 |a BOA001  |b Mus4-0233.816 
990 |a MU 
991 |b 201211 
996 6 |b 2619746182  |c Mus4-0233.816  |l MZK  |r Sklad / do 1 hodiny  |n 3  |w 000470924  |u 000010  |a 1  |e BOA001  |j MZK50  |s P 
996 7 |b 2619746373  |c Mus4-0233.816  |l MZK  |r Sklad / do 1 hodiny  |n 3  |w 000470924  |u 000020  |a 1  |e BOA001  |j MZK50  |s A